000 01178nam a22004217a 4500
003 OSt
005 20260504103539.0
007 ta
008 260504s2025 ag ||||| |||| 00| 0 spa d
020 _a9789877065633
040 _ccj catamarca
082 _a347.952 F368
100 1 0 _9318
_aFerrairone, Christian H.
245 1 0 _aProceso de ejecucion de sentencias
250 _a1º ed.
260 _aBuenos Aires:
_bAstrea
_c2025
300 _a320 p.
_c23 cm
490 _aProceso en accion
500 _aINVENTARIO Nº 8160
650 7 _2SAIJ
653 _aDERECHO PROCESAL CIVIL
653 _aEJECUCION DE SENTENCIA
653 _aFUNCION JURISDICCIONAL
653 _aTITULO EJECUTORIO
653 _aLIQUIDACION
653 _aEMBARGO
653 _aRECURSOS
653 _aRECHAZO IN LIMINE
653 _aEXCEPCIONES
653 _aREPOSICION IN EXTREMIS
653 _aACLARATORIA
653 _aQUEJA
653 _aEXTRAORDINARIO
653 _aEJECUCION DE SENTENCIA CONTRA EL ESTADO
653 _aEJECUCION-SENTECIA EXTRANJERA
856 _uhttps://drive.google.com/file/d/11pXRtCYKRFcwxCi8OdZMqBza3N064Zo_/view?usp=sharing
942 _2ddc
_cBK
_n0
999 _c6531
_d6531